000 00415nam a2200145 i 4500
001 bg
100 1 _aBEDNARCZYK, Włodzimierz
245 0 _aMotywacja działania w przedsiębiorstwie przemysłowym :
_bczynniki ekonomiczno-organizacyjne /
_cWłodzimierz Bednarski.
260 _aWarszawa,
_c1979.
040 _cBPK
041 _apol
080 _a658.5
942 _cKS
008 s pl f |000 0 pol
999 _c18558
_d18558
856 _uhttp://koha.tu.koszalin.pl/cgi-bin/koha/opac-detail.pl?biblionumber=18558
_yKatalog online BPK